000 01258nam a2200397 i 4500
001 23860
003 KOSZ 005
005 20230221125128.0
008 970903s1987 pl a f f |001 0 pol
015 _aPB 1990/7120
020 _a832200298X
_z832200298
040 _aWA N
_cWA N
_dKOSZ 005/HR
046 _k1987
080 _a556.3
080 _a550.4
080 _a(075.8)
100 1 _aMacioszczyk, Aleksandra
_d(1935- )
_eAutor
245 1 0 _aHydrogeochemia /
_cAleksandra Macioszczyk.
260 _aWarszawa :
_bWydawnictwa Geologiczne,
_c1987.
300 _a475 s. :
_bmapy, rys., wykr. ;
_c25 cm.
336 _2rdacontent
_aTekst
_btxt
337 _2rdamedia
_aBez urządzenia pośredniczącego
_bn
338 _2rdacarrier
_aWolumin
_bnc
380 _aKsiążki
388 _a1901-2000
388 _a1945-1989
504 _aBibliogr. s. 437-451. - Indeks.
650 4 _aGeochemia
650 4 _aHydrogeologia
650 4 _aWody podziemne
655 4 _aPodręczniki akademickie
658 _aGeografia i nauki o Ziemi
710 _aWydawnictwa Geologiczne
856 _uhttp://koha.tu.koszalin.pl/cgi-bin/koha/opac-detail.pl?biblionumber=23860
_yKatalog online BPK
942 _2UKD
_cKS
999 _c23860
_d23860